Etiqueta de registo: 00530cam 2200217 450
001 1066646
003 http://id.bnportugal.gov.pt/bib/catbnp/1066646
005 20020322161500.0
010 ## $a2-09-190188-1
100 ## $a20010910d1997 m y0pory0103 ba
101 0# $afre
102 ## $aFR
106 ## $ar
200 1# $a Les forêts d'Europe
210 #9 $aParis$cNathan,$d1997
215 ## $a413 p.
225 2# $aSérie géographie
675 ## $a630(4)$vBN$zpor$31034308
700 #1 $aHotyat,$bMicheline$31017459
701 #1 $aArnould,$bPaul$4070$31017460
701 #1 $aSimon,$bLaurent$4070$31017461
966 ## $lBN$mFGMON$sS.A. 99840 V.$x5
Etiqueta de registo: 00000nam 2200025 450
001 1999478
003 http://id.bnportugal.gov.pt/bib/catbnp/1999478
010 ## $a978-989-707-596-4
021 ## $aPT$b434601/17
100 ## $a20180904d2018 c y0pory01030103ba
101 1# $apor$cfre
102 ## $aPT
105 ## $aa z 000fy
106 ## $ar
200 1# $a Os beijinhos do lobo mau$fJean Leroy$gil. Laurent Simon
205 ## $a1ª ed
210 #9 $aAmadora$cBooksmile,$d2018
215 ## $a[16] p.$cil.$d25 cm
304 ## $aTít. orig.: Les bisous du grand méchant loup
675 ## $a087.5$vBN$zpor$3287999
675 ## $a821.133.1-93"20"$vBN$zpor$31466894
675 ## $a821.133.1-34"20"$vBN$zpor$31049708
700 #1 $aLeroy,$bJean,$f1975-$31691568
701 #1 $aSimon,$bLaurent$4070$31017461
801 #0 $aPT$bBN$gRPC
856 41 $uhttp://rnod.bnportugal.gov.pt/ImagesBN/winlibimg.aspx?skey=&doc=1999478&img=113702&save=true
900 ## $aBIBNAC$d20180927
966 ## $lBN$mFGMON$sP. 51369 V.$x1
Etiqueta de registo: 00000nam 2200025 450
001 2039194
003 http://id.bnportugal.gov.pt/bib/catbnp/2039194
010 ## $a978-989-8864-86-4
021 ## $aPT$b455681/19
100 ## $a20200128d2020 c y0pory01030103ba
101 1# $apor$cfre
102 ## $aPT
105 ## $aa z 000fy
106 ## $ar
200 1# $a O lobo mau está doente!$fJean Leroy$gil. Laurent Simon
205 ## $a1ª ed
210 #9 $a[S.l.]$cBooksmile,$d2020
215 ## $a[14] p.$ctodo il.$d25 cm
304 ## $aTít. orig.: Le grand méchand loup est malade
675 ## $a087.5$vBN$zpor$3287999
675 ## $a821.133.1-93"20"$vBN$zpor$31466894
675 ## $a821.133.1-34"20"$vBN$zpor$31049708
700 #1 $aLeroy,$bJean,$f1975-$31691568
702 #1 $aSimon,$bLaurent$4440$31017461
801 #0 $aPT$bBN$gRPC
856 41 $uhttp://rnod.bnportugal.gov.pt/ImagesBN/winlibimg.aspx?skey=&doc=2039194&img=135198&save=true
900 ## $aBIBNAC$d20200210
966 ## $lBN$mFGMON$sP. 55070 V.$x1
966 ## $lBN$mFGMON$sP. 55070 V.-D$x1
Etiqueta de registo: 00254nam 2200025 450
001 2288444
003 http://id.bnportugal.gov.pt/bib/catbnp/2288444
010 ## $a978-972-21-3389-0
021 ## $aPT$b558075/2026
100 ## $a20260622d2026 c y0pory01030103ba
101 1# $apor$ceng
102 ## $aPT
105 ## $aa z 000yy
106 ## $ar
200 1# $aDingo dong$fOlivier Dupin Laurent Simon
205 ## $a1º ed
210 #9 $aAlfragide$cCaminho,$d2026
215 ## $a[28] p.$cil.$d28 cm
700 #1 $aDupin,$bOlivier,$f1979-$31764173
701 #1 $aSimon,$bLaurent$4070$31017461
801 #0 $aPT$bBN$gRPC
966 ## $lBN$mFGMON$x1
966 ## $lBN$mFGMON$x1
971 ## $cisantos$d20260622